00537nam a2200193 a 4500001001300000003000900013005001700022008004100039020002500080082001600105100002000121245008100141260003300222300000900255500003500264505001000299650001400309700002000323nice12345678IN_TiNIC20260116013158.0050524s1981 newa grp 000 0 eng  a0883448 c661.500a226.93bCRO aCrosby, Michael aSpirituality of the Beatitudesb Matthew`s Challenge for First World Christi aNew YorkbOrbis Books c1981 a244p aincludes index and biblioraphy2 aIndex aBeatitude1 aCrosby, Michael